| 000 | 00644nam a2200181 i 4500 | ||
|---|---|---|---|
| 001 | 21686 | ||
| 003 | ES-MaACL | ||
| 005 | 20230906152527.0 | ||
| 007 | t| | ||
| 008 | 021127s1928 cu ||||1| spa d | ||
| 100 | 1 |
_aAlbiñana Sanz, José María, _d1883-1936 _919387 |
|
| 245 | 1 | 0 |
_aVindicación de España en América _b: texto taquigráfico del discurso pronunciado en el... Centro Gallego de La Habana / _cpor José Mª Albiñana Sanz. |
| 260 |
_aHabana : _bLa Casa Martín, _c1928. |
||
| 300 |
_a24 p. ; _c20 cm. |
||
| 710 | 2 |
_aCentro Gallego de La Habana ( _cBilbao) _92742 |
|
| 852 |
_aES-MaACL _j1714-F-3 |
||
| 999 |
_c21686 _d21686 |
||